000 00915nam a22002177a 4500
999 _c177378
_d177378
005 20210407142300.0
010 _aB-739330-332 B-739710
020 _a9789389136470
_c295.00
035 _aB-739330-332
035 _aB-739710
037 _bNiyogi Books
082 _aS
100 _aBarrie, J.M.
245 _aPeter pan /
_cby J.M. Barrie
260 _bNiyogi Books
_aNew Delhi
_c2020
270 _aBlock D, Building No. 77, Okhla Industrial Area, Phase-I
_bNew Delhi
_e110020
300 _a265p.:
_c19cm(Hb)
_bill.
942 _2ddc
_cCH
_mBAR
_hS